| 000 | 00551nam a2200169 4500 | ||
|---|---|---|---|
| 001 | 121257 | ||
| 003 | ES-MaACL | ||
| 005 | 20230906191723.0 | ||
| 007 | t| | ||
| 008 | 070214s1964 sp r ||||1| spa d | ||
| 100 | 1 |
_aPrieberg, Fred K. _993856 |
|
| 245 | 1 | 0 |
_aMúsica y máquina _b: música concreta, electrónica y futurista / _cFred K. Prieberg ; traducción de Juan Godo Costa. |
| 260 |
_aBarcelona : _bZeus, _c1964. |
||
| 300 |
_a372 p., 8 lám. : _bil. ; _c21 cm. |
||
| 700 | 1 |
_aGodo Costa, Juan. _957532 |
|
| 852 |
_aES-MaACL _jC-26575 _bR.55595 |
||
| 999 |
_c121257 _d121257 |
||